00611nam a22001697a 4500008004100000040005500041080001500096100002500111245004100136260004600177300001500223650002300238653001500261942001200276999001700288952013600305230615b |||||||| |||| 00| 0 eng d aNational Science LibrarycNational Science Library a621.39bN9 aOlufs, Dick W911783 aMaking of telecommunications policy  aLondon: bLynne Rienner Publisher, c1999 aix, 213p.  aTelecommunication  aMarketing  2udccBK c43856d43856 00102udc40662139_N970966336aNSLbNSLcGF/Rk-13/C-2/R-4d1999-09-29l0o621.39 N9p178787r2023-06-15 00:00:00w1999-09-29yBK